000
00441nam a2200145Ia 4500
008
100122s9999 xx 000 0 und d
082
_b
3396
_a
823
100
_a
रणदिवे रत्नप्रभा
245
_a
दिव्यचक्षू
260
_b
प्रकाशक शोधणे
_c
1924
300
_a
290
630
_a
दिव्यचक्षू
730
_a
दिव्यचक्षू
942
_c
BOOK
999
_c
397465
_d
397462